Z dejín a súčasnosti tokajského vinohradníctva a vinárstva

Podrobná bibliografia
Hlavný autor: Žadanský, Juraj, 1947- (Autor)
Médium: Kniha
Jazyk:slovenčina
Fyzický popis:207 s. fotogr. (čiast. fareb.), ilustr., mp., tab. 30 cm
Vydavateľské údaje: V Trebišove Vlastivedné múzeum 2009
ISBN:9788089412075
Predmet:

MARC

LEADER 00000cam a2200000 a 4500
001 vtls010037858
003 SK-MaSNL
005 20260301131026.0
008 240318s2009 xo oablg a 000 0 slo
015 |a SNBA2010/03-01753 
020 |a 9788089412075  |q (viaz.) 
035 |a 47A090FF-7203-4F34-A7B1-33073E84EF29 
035 |a urn:nbn:sk:snk-amkx3a 
035 |a urn:nbn:sk:snk-am0082gl 
040 |a SNK  |b slo  |c SNK  |e AACR2 
041 0 |a slo  |b eng 
043 |a e-xo--- 
044 |a xo  |c SK 
072 7 |a 634  |x Ovocinárstvo  |2 konspekt 
072 7 |a 663  |x Priemysel nápojov. Kvasný priemysel. Priemysel pochutín  |2 konspekt 
080 |a 634.8(091)  |2 2001 
080 |a 663.2(091)  |2 2001 
080 |a (437.6)  |2 2001 
080 |a (048.8)  |2 2001 
100 1 |a Žadanský, Juraj,  |d 1947-  |4 aut  |9 217285 
245 1 0 |a Z dejín a súčasnosti tokajského vinohradníctva a vinárstva  |c Juraj Žadanský 
260 |a V Trebišove  |b Vlastivedné múzeum  |c 2009 
300 |a 207 s.  |b fotogr. (čiast. fareb.), ilustr., mp., tab.  |c 30 cm 
366 |e 1000 výt. 
504 |a Bibliogr. odkazy 
546 |a Res. angl. 
650 0 7 |a vinohradníctvo  |x dejiny  |2 SNKPH  |9 390443 
650 0 7 |a vinárstvo  |x dejiny  |2 SNKPH  |9 388489 
650 0 7 |a Viticulture  |x history  |2 SNKPHeng  |9 390444 
650 0 7 |a Wine making  |x history  |2 SNKPHeng  |9 479706 
650 0 7 |a Vinohradnícka oblasť Tokaj (Slovensko)  |2 SNKPHeng  |9 21617 
655 7 |a štúdie  |2 SNKPH  |9 57033 
655 7 |a Studies  |2 SNKPHeng  |9 265573 
710 2 |a Košický samosprávny kraj (Košice, Slovensko).  |b Vlastivedné múzeum (Trebišov, Slovensko)  |4 pbl  |9 479707 
852 |a Štátna vedecká knižnica v Banskej Bystrici 
919 |a 978-80-89412-07-5 
958 |a NB 
968 |d 63 
999 |c 746540  |d 748470 
952 |a SNK  |b SNK  |y PREZ  |7 0  |p 17A0643999  |o snkSB 78984  |i snk2010/2454  |8 0  |0 0  |1 0  |4 0  |d 2010-02-09  |f 1  |l 0  |r 2025-04-30 00:00:00  |w 2026-02-23 
952 |a SNK  |b SNK  |y VYP  |7 0  |p 17A0643994  |o snkSB 78984 D1  |i snk2010/2455  |8 0  |z Digitalizovaný  |0 0  |1 0  |4 0  |d 2010-02-09  |l 0  |r 2016-06-30 00:00:00  |w 2026-02-23